00254nam a2200097Ia 4500008004000000082001500040100002000055245004200075260002600117300001300143210210b1992 xxu||||| |||| 00| 0 eng d a158.7 MINI aMINER (John B). aIndustrial Organizational Psychology. aNYbMcGraw Hillc1992 axxiv,674